2019 Stanley Cup Playoffs - Statistics

General Stats
  • This quiz has been taken 851 times
  • The average score is 13 of 16
Answers on the Map
Answers color-coded by a green-red scale on the quiz's map according to % correct below.
 
Answer Stats
Team % Correct
Boston Bruins
96%
St. Louis Blues
94%
Tampa Bay Lightning
92%
Washington Capitals
90%
New York Islanders
88%
Pittsburgh Penguins
88%
Toronto Maple Leafs
88%
Carolina Hurricanes
83%
San Jose Sharks
83%
Dallas Stars
82%
Colorado Avalanche
81%
Vegas Golden Knights
79%
Columbus Blue Jackets
78%
Winnipeg Jets
77%
Calgary Flames
75%
Nashville Predators
71%
No matching quizzes found
Score Distribution
Percent of People with Each Score
Percentile by Number Answered
Your Score History
You have not taken this quiz